000 00361nam a2200145Ia 4500
005 20251222175925.0
008 251222s9999||||xx |||||||||||||| ||spa||
020 _a9786123114251
082 _a345.2/P33
100 _aPaz Panduro, Moisés
245 0 _aEl Sistema Procesal Penal Acusatorio:
250 _a1ra.ed.
264 _bGaceta Jurídica
942 _cLIB
999 _c40798
_d40798